[Event "1st Gujarat GM Open 2018"]
[Site "Ahmedabad"]
[Date "2018.10.07"]
[Round "4"]
[White "Neelotpal, Das"]
[Black "Matta, Vinay Kumar"]
[Result "1-0"]
[WhiteElo "2436"]
[BlackElo "2129"]
[Annotator "NA"]
[PlyCount "71"]
[EventDate "2018.10.05"]
[EventType "swiss"]
[EventCountry "IND"]
[SourceTitle "playchess.com"]
[Source "ChessBase"]
[SourceQuality "1"]
[TimeControl "5400+30"]

1. e4 {[%emt 1:30:30]} e5 {[%emt 0:05:23]} 2. Nf3 {[%emt 0:00:00]} Nc6 {[%emt 0:00:05]} 3. Bb5 {[%emt 0:00:00]} a6 {[%emt 0:00:06]} 4. Ba4 {[%emt 0:00:00]} Nf6 {[%emt 0:00:04]} 5. O-O {[%emt 0:00:00]} Be7 {[%emt 0:00:05]} 6. Qe2 {[%emt 0:00:00]} b5 {[%emt 0:00:12]} 7. Bb3 {[%emt 0:00:00]} O-O {[%emt 0:00:16]} 8. c3 {[%emt 0:00:00]} d5 {[%emt 0:01:11]} 9. d3 {[%emt 0:00:00]} dxe4 {[%emt 0:00:35] C86: Closed Ruy Lopez: Worrall Attack} (9... Re8 10. Rd1 Be6 11. Nbd2 h6 12. Nf1 Bf8 13. Ng3 d4 14. Bxe6 Rxe6 15. Nf5 Ne8 16. a4 Rb8 17. axb5 axb5 {0-1 (66) Bacrot,E (2725)-Aronian,L (2805) Riadh 2017}) 10. dxe4 {[%emt 0:00:00]} Be6 {[%emt 0:01:39]} 11. Rd1 {[%emt 0:00:00]} Bd6 {[%emt 0:04:36]} 12. Bg5 {[%emt 0:00:00]} Qe7 $146 {[%emt 0:01:22]} ({Predecessor:} 12... Bxb3 13. axb3 h6 14. Bh4 Qe7 15. Bxf6 Qxf6 16. Nbd2 Nd8 17. Nf1 {1-0 (61) Lilienthal,A-Szigeti,M Budapest 1932}) 13. Nbd2 {[%emt 0:00:00]} Na5 {[%emt 0:01:12]} 14. Bxe6 {[%emt 0:00:00]} Qxe6 {[%emt 0:00:43]} 15. b4 {[%emt 0:00:00]} Nb7 {[%emt 0:00:54]} 16. a4 {[%emt 0:00:00]} c6 {[%emt 0:00:52]} 17. Nh4 {[%emt 0:00:00]} h6 {[%emt 0:02:12]} 18. Be3 {[%emt 0:00:00]} Rfe8 {[%emt 0:07:50]} 19. Nf5 {[%emt 0:00:00]} Bf8 {[%emt 0:02:18]} 20. f3 {[%emt 0:00:00]} Kh7 {[%emt 0:06:25]} 21. Rdb1 {[%emt 0:00:00]} g6 {[%emt 0:00:59]} 22. Ng3 {[%emt 0:00:00]} h5 {[%emt 0:06:51]} 23. c4 {[%emt 0:00:00]} a5 $11 {[%emt 0:07:24]} 24. cxb5 {[%emt 0:00:00]} Bxb4 {[%emt 0:03:18]} 25. b6 {[%emt 0:00:00]} c5 {[%emt 0:01:41]} 26. Nc4 {[%emt 0:00:00]} Nd7 {[%emt 0:00:55]} 27. Rd1 {[%emt 0:00:00]} Nxb6 {[%emt 0:01:33]} 28. Nxb6 {[%emt 0:00:00]} Qxb6 {[%emt 0:00:24]} 29. Rd7 {[%emt 0:00:00]} Kg8 {[%emt 0:00:53]} 30. Qa2 {[%emt 0:00:00]} Nd8 {[%emt 0:02:45]} 31. Rad1 {[%emt 0:00:40]} Ne6 {[%emt 0:03:31]} 32. R1d6 {[%emt 0:01:50]} Qb8 {[%emt 0:00:41]} 33. Nf5 {[%emt 0:00:54]} gxf5 {[%emt 0:03:49]} 34. exf5 {[%emt 0:00:09]} Qc8 {[%emt 0:09:05]} 35. fxe6 {[%emt 0:06:12]} Rxe6 {[%emt 0:00:10]} 36. Qd5 {[%emt 0:00:14]} 1-0

[Event "1st Gujarat GM Open 2018"]
[Site "Ahmedabad"]
[Date "2018.10.07"]
[Round "4"]
[White "Bakunts, Rafael"]
[Black "Bhambure, Shantanu"]
[Result "1-0"]
[WhiteElo "2427"]
[BlackElo "2243"]
[Annotator "ChessBase"]
[PlyCount "79"]
[EventDate "2018.10.05"]
[EventType "swiss"]
[EventCountry "IND"]
[SourceTitle "playchess.com"]
[Source "ChessBase"]
[SourceQuality "1"]
[TimeControl "5400+30"]

1. e4 {[%emt 0:00:08]} e5 {[%emt 0:00:00]} 2. Nf3 {[%emt 0:00:14]} Nc6 {[%emt 0:00:00]} 3. Bb5 {[%emt 0:00:19]} a6 {[%emt 0:00:00]} 4. Ba4 {[%emt 0:00:20]} Nf6 {[%emt 0:00:00]} 5. O-O {[%emt 0:00:11]} Be7 {[%emt 0:00:13]} 6. Re1 {[%emt 0:00:13]} b5 {[%emt 0:00:14]} 7. Bb3 {[%emt 0:00:09]} d6 {[%emt 0:00:16]} 8. c3 {[%emt 0:00:12]} O-O {[%emt 0:00:22]} 9. h3 {[%emt 0:00:14]} Nb8 {[%emt 0:00:14]} 10. d4 {[%emt 0:00:10]} Nbd7 {[%emt 0:00:13]} 11. Nbd2 {[%emt 0:00:09]} Bb7 {[%emt 0:00:11]} 12. Bc2 {[%emt 0:00:11]} Re8 {[%emt 0:00:19]} 13. Nf1 {[%emt 0:00:13]} Bf8 {[%emt 0:00:20]} 14. Ng3 {[%emt 0:00:09]} g6 {[%emt 0:00:14]} 15. Bg5 {[%emt 0:00:12]} h6 {[%emt 0:01:17]} 16. Bd2 {[%emt 0:00:14]} exd4 {[%emt 0:00:27]} 17. cxd4 {[%emt 0:02:33]} c5 {[%emt 0:00:06]} 18. d5 {[%emt 0:02:41]} Bg7 {[%emt 0:00:39]} 19. a4 Nb6 {[%emt 0:12:17]} 20. b3 {[%emt 0:14:32]} Nfd7 {[%emt 0:06:05]} 21. Ra2 {[%emt 0:09:23]} c4 {[%emt 0:15:06]} 22. a5 {[%emt 0:08:55]} cxb3 {[%emt 0:01:03]} 23. Bxb3 {[%emt 0:00:08]} Nc8 {[%emt 0:02:31]} 24. Bb4 {[%emt 0:07:13]} Nc5 {[%emt 0:03:12]} 25. Bc2 {[%emt 0:00:28]} Ne7 {[%emt 0:01:38]} 26. h4 {[%emt 0:04:00]} Qc7 {[%emt 0:17:08]} 27. h5 {[%emt 0:00:50]} g5 {[%emt 0:03:15]} 28. Ra3 {[%emt 0:01:55]} Rad8 {[%emt 0:03:15]} 29. Rae3 {[%emt 0:09:59]} Bc8 {[%emt 0:05:36]} 30. Qc1 {[%emt 0:00:22]} Bg4 {[%emt 0:02:03]} 31. e5 {[%emt 0:04:13]} dxe5 {[%emt 0:06:03]} 32. Bxc5 {[%emt 0:03:00]} Nxd5 {[%emt 0:00:58]} 33. Bb6 {[%emt 0:00:21]} Qc8 {[%emt 0:01:28]} 34. Bxd8 {[%emt 0:03:45]} Nxe3 {[%emt 0:00:20]} 35. Qxe3 {[%emt 0:01:34]} Qxc2 {[%emt 0:01:39]} 36. Bb6 {[%emt 0:00:25]} f5 {[%emt 0:02:21]} 37. Nd4 {[%emt 0:05:20]} Qc8 {[%emt 0:04:29]} 38. Rc1 {[%emt 0:00:29]} Qd7 {[%emt 0:00:46]} 39. Qb3+ {[%emt 0:00:11]} Kh8 {[%emt 0:00:53]} 40. Rc7 {[%emt 0:00:48]} 1-0

[Event "1st Gujarat GM Open 2018"]
[Site "Ahmedabad"]
[Date "2018.10.07"]
[Round "4"]
[White "Akash G"]
[Black "Sivuk, Vitaly"]
[Result "1-0"]
[WhiteElo "2424"]
[BlackElo "2545"]
[Annotator "ChessBase"]
[PlyCount "98"]
[EventDate "2018.10.05"]
[EventType "swiss"]
[EventCountry "IND"]
[SourceTitle "playchess.com"]
[Source "ChessBase"]
[SourceQuality "1"]
[TimeControl "5400+30"]

1. Nf3 {[%emt 0:00:37]} Nf6 {[%emt 0:00:00]} 2. d4 {[%emt 0:00:17]} g6 {[%emt 0:00:14]} 3. Bg5 {[%emt 0:00:14]} Bg7 {[%emt 0:00:13]} 4. Nbd2 {[%emt 0:00:17]} O-O {[%emt 0:00:33]} 5. c3 {[%emt 0:00:14]} h6 {[%emt 0:00:48]} 6. Bh4 {[%emt 0:01:00]} d6 {[%emt 0:00:15]} 7. e4 {[%emt 0:00:34]} c5 {[%emt 0:00:15]} 8. dxc5 {[%emt 0:00:36]} dxc5 {[%emt 0:00:05]} 9. Bc4 {[%emt 0:00:11]} Nc6 {[%emt 0:00:23]} 10. O-O {[%emt 0:02:06]} Nh5 {[%emt 0:01:21]} 11. Qe2 {[%emt 0:01:05]} Qc7 {[%emt 0:00:48]} 12. Qe3 {[%emt 0:04:34]} Na5 {[%emt 0:04:18]} 13. e5 {[%emt 0:08:50]} Nxc4 {[%emt 0:04:08]} 14. Nxc4 {[%emt 0:00:43]} Re8 {[%emt 0:17:22]} 15. Ncd2 {[%emt 0:14:20]} b6 {[%emt 0:05:10]} 16. h3 {[%emt 0:05:36]} Bb7 {[%emt 0:11:35]} 17. g4 {[%emt 0:05:10]} Nf6 {[%emt 0:02:36]} 18. Bg3 {[%emt 0:09:16]} Nd5 {[%emt 0:02:36]} 19. Qe2 {[%emt 0:00:14]} Qc6 {[%emt 0:00:25]} 20. Kh2 {[%emt 0:01:19]} Rad8 {[%emt 0:02:12]} 21. Ne1 {[%emt 0:01:42]} Rf8 {[%emt 0:10:40]} 22. f4 {[%emt 0:04:22]} f5 {[%emt 0:01:41]} 23. Ng2 {[%emt 0:01:16]} Nxc3 {[%emt 0:01:52]} 24. bxc3 {[%emt 0:03:47]} Qxg2+ {[%emt 0:00:19]} 25. Qxg2 {[%emt 0:00:05]} Bxg2 {[%emt 0:00:08]} 26. Kxg2 {[%emt 0:02:54]} Rxd2+ {[%emt 0:01:03]} 27. Rf2 {[%emt 0:00:02]} Rxf2+ {[%emt 0:00:35]} 28. Kxf2 {[%emt 0:02:45]} fxg4 {[%emt 0:00:12]} 29. Ke3 {[%emt 0:00:34]} Bxe5 {[%emt 0:02:37]} 30. fxe5 {[%emt 0:01:10]} Rf3+ {[%emt 0:00:04]} 31. Ke4 {[%emt 0:00:04]} Rxg3 {[%emt 0:00:06]} 32. hxg4 {[%emt 0:00:04]} Kf7 {[%emt 0:00:17]} 33. Kd5 {[%emt 0:00:31]} Rd3+ {[%emt 0:00:19]} 34. Kc4 {[%emt 0:00:17]} Rd2 {[%emt 0:01:57]} 35. a4 {[%emt 0:02:28]} Ke6 {[%emt 0:00:40]} 36. Rh1 {[%emt 0:00:27]} Rg2 {[%emt 0:01:44]} 37. Rxh6 {[%emt 0:00:45]} Rxg4+ {[%emt 0:00:07]} 38. Kb5 {[%emt 0:00:03]} Kxe5 {[%emt 0:00:10]} 39. a5 {[%emt 0:00:44]} bxa5 {[%emt 0:02:51]} 40. Kxc5 {[%emt 0:00:06]} a4 {[%emt 0:02:23]} 41. c4 {[%emt 0:03:32]} Rg3 {[%emt 0:03:24]} 42. Rh8 {[%emt 0:01:17]} Rb3 {[%emt 0:01:18]} 43. Ra8 {[%emt 0:02:33]} Rb7 {[%emt 0:00:43]} 44. Kc6 {[%emt 0:00:07]} Rb6+ {[%emt 0:00:08]} 45. Kd7 {[%emt 0:00:06]} Ra6 {[%emt 0:01:00]} 46. c5 {[%emt 0:01:04]} Kd5 {[%emt 0:01:01]} 47. c6 {[%emt 0:01:08]} Rxc6 {[%emt 0:00:07]} 48. Rxa7 {[%emt 0:00:02]} e5 {[%emt 0:03:54]} 49. Rxa4 {[%emt 0:00:11]} Rb6 {[%emt 0:00:13]} 1-0

[Event "1st Gujarat GM Open 2018"]
[Site "Ahmedabad"]
[Date "2018.10.07"]
[Round "4"]
[White "Fenil, Shah"]
[Black "Nandhidhaa, P V"]
[Result "0-1"]
[WhiteElo "2411"]
[BlackElo "2212"]
[Annotator "ChessBase"]
[PlyCount "122"]
[EventDate "2018.10.05"]
[EventType "swiss"]
[EventCountry "IND"]
[SourceTitle "playchess.com"]
[Source "ChessBase"]
[SourceQuality "1"]
[TimeControl "5400+30"]

1. e4 {[%emt 0:00:00]} c5 {[%emt 0:01:41]} 2. Nf3 {[%emt 0:00:16]} e6 {[%emt 0:00:08]} 3. d4 cxd4 {[%emt 0:00:06]} 4. Nxd4 {[%emt 0:01:53]} Nc6 {[%emt 0:00:05]} 5. Nc3 {[%emt 0:00:14]} Qc7 {[%emt 0:00:07]} 6. Qd3 {[%emt 0:05:33]} Nf6 {[%emt 0:06:47]} 7. Ndb5 {[%emt 0:00:22]} Qb8 {[%emt 0:01:39]} 8. Qg3 {[%emt 0:00:11]} d6 {[%emt 0:01:30]} 9. Be3 {[%emt 0:01:28]} a6 {[%emt 0:06:25]} 10. Nd4 {[%emt 0:06:41]} Bd7 {[%emt 0:02:02]} 11. Bd3 {[%emt 0:15:06]} b5 {[%emt 0:03:43]} 12. f4 {[%emt 0:13:32]} b4 {[%emt 0:15:43]} 13. Nb1 {[%emt 0:09:41]} g6 {[%emt 0:16:25]} 14. Qf3 {[%emt 0:10:16]} Bg7 {[%emt 0:04:16]} 15. Nd2 {[%emt 0:03:38]} Qc7 {[%emt 0:01:38]} 16. N2b3 {[%emt 0:04:39]} O-O {[%emt 0:01:45]} 17. O-O {[%emt 0:01:17]} Nxd4 {[%emt 0:05:13]} 18. Bxd4 {[%emt 0:02:32]} a5 {[%emt 0:05:35]} 19. e5 {[%emt 0:01:50]} Bc6 {[%emt 0:06:12]} 20. Qe2 {[%emt 0:06:09]} dxe5 {[%emt 0:06:44]} 21. fxe5 {[%emt 0:00:41]} Nd7 {[%emt 0:00:09]} 22. Rae1 {[%emt 0:00:17]} Bd5 {[%emt 0:02:05]} 23. Nd2 {[%emt 0:05:33]} Rac8 {[%emt 0:04:03]} 24. b3 {[%emt 0:02:28]} Nc5 25. Bc4 {[%emt 0:00:02]} a4 {[%emt 0:03:32]} 26. Qe3 {[%emt 0:02:34]} axb3 {[%emt 0:00:42]} 27. axb3 {[%emt 0:00:02]} Bb7 {[%emt 0:03:04]} 28. Rf2 {[%emt 0:02:09]} Nd7 {[%emt 0:01:25]} 29. Nf3 {[%emt 0:00:58]} Bxf3 {[%emt 0:00:16]} 30. Rxf3 {[%emt 0:00:06]} Nb8 {[%emt 0:01:08]} 31. Bb6 {[%emt 0:01:27]} Qb7 {[%emt 0:00:35]} 32. Bc5 {[%emt 0:00:21]} Rfd8 {[%emt 0:00:36]} 33. Ref1 {[%emt 0:00:24]} Rd7 {[%emt 0:00:16]} 34. Rxf7 {[%emt 0:03:51]} Rxf7 {[%emt 0:00:05]} 35. Bxe6 {[%emt 0:00:01]} Rcc7 {[%emt 0:00:20]} 36. Bd6 {[%emt 0:00:52]} Rcd7 {[%emt 0:01:03]} 37. Qf4 {[%emt 0:00:54]} Nc6 {[%emt 0:00:42]} 38. Bd5 {[%emt 0:00:26]} Qa7+ {[%emt 0:00:22]} 39. Qf2 {[%emt 0:00:35]} Qxf2+ {[%emt 0:00:20]} 40. Rxf2 {[%emt 0:00:01]} Nxe5 {[%emt 0:00:16]} 41. Bxf7+ {[%emt 0:00:24]} Nxf7 {[%emt 0:00:11]} 42. Bc5 {[%emt 0:00:33]} Bd4 {[%emt 0:01:11]} 43. Bxd4 {[%emt 0:00:02]} Rxd4 {[%emt 0:00:03]} 44. Re2 {[%emt 0:00:07]} Kg7 {[%emt 0:00:09]} 45. Kf2 {[%emt 0:00:10]} Kf6 {[%emt 0:00:10]} 46. Ke3 {[%emt 0:00:13]} Rd7 {[%emt 0:00:29]} 47. Rf2+ {[%emt 0:00:01]} Ke6 {[%emt 0:00:29]} 48. Rf4 {[%emt 0:00:01]} Rb7 {[%emt 0:00:15]} 49. Rc4 {[%emt 0:01:39]} Nd6 {[%emt 0:00:45]} 50. Rc5 {[%emt 0:00:53]} Rf7 {[%emt 0:00:59]} 51. c3 {[%emt 0:00:49]} bxc3 {[%emt 0:00:13]} 52. Rxc3 {[%emt 0:00:01]} Rf1 {[%emt 0:00:24]} 53. Rc7 {[%emt 0:00:15]} h5 {[%emt 0:00:08]} 54. Rc3 {[%emt 0:01:16]} Rb1 {[%emt 0:00:49]} 55. Kf4 {[%emt 0:00:51]} Rf1+ {[%emt 0:00:46]} 56. Ke3 {[%emt 0:00:08]} Rg1 {[%emt 0:00:24]} 57. Kf3 {[%emt 0:00:22]} Rd1 {[%emt 0:00:39]} 58. g4 {[%emt 0:00:58]} h4 {[%emt 0:00:08]} 59. g5 {[%emt 0:00:33]} Rd4 {[%emt 0:00:40]} 60. Rc7 {[%emt 0:00:49]} Rb4 {[%emt 0:00:36]} 61. Rc3 {[%emt 0:00:23]} Ne4 {[%emt 0:00:31]} 0-1

[Event "1st Gujarat GM Open 2018"]
[Site "Ahmedabad"]
[Date "2018.10.07"]
[Round "4"]
[White "Rahul Srivatshav P"]
[Black "Swati Ghate"]
[Result "1-0"]
[WhiteElo "2395"]
[BlackElo "2215"]
[Annotator "NA"]
[PlyCount "69"]
[EventDate "2018.10.05"]
[EventType "swiss"]
[EventCountry "IND"]
[SourceTitle "playchess.com"]
[Source "ChessBase"]
[SourceQuality "1"]
[TimeControl "5400+30"]

1. d4 {[%emt 0:00:00]} Nf6 {[%emt 0:02:20]} 2. c4 {[%emt 0:00:14]} e6 {[%emt 0:00:06]} 3. Nc3 {[%emt 0:00:42]} Bb4 {[%emt 0:00:12]} 4. e3 {[%emt 0:00:05]} b6 {[%emt 0:00:17]} 5. Nge2 {[%emt 0:00:30]} Ba6 {[%emt 0:01:42]} 6. a3 {[%emt 0:00:17]} Be7 {[%emt 0:00:42]} 7. Ng3 {[%emt 0:01:27]} d5 {[%emt 0:03:11]} 8. Be2 {[%emt 0:02:45]} dxc4 {[%emt 0:05:24]} 9. Bf3 {[%emt 0:19:31]} c6 {[%emt 0:01:46]} 10. e4 {[%emt 0:00:24]} Nbd7 {[%emt 0:03:57]} 11. e5 {[%emt 0:01:02]} Nd5 {[%emt 0:00:27]} 12. Be4 {[%emt 0:02:24]} b5 {[%emt 0:02:49]} 13. Nh5 {[%emt 0:08:15]} Bf8 {[%emt 0:18:32]} 14. Qg4 {[%emt 0:04:32]} g6 {[%emt 0:01:23]} 15. Nf4 {[%emt 0:00:08]} N7b6 {[%emt 0:04:55]} 16. h4 {[%emt 0:04:58]} Qd7 {[%emt 0:06:41]} 17. h5 {[%emt 0:02:34]} Rg8 {[%emt 0:00:31]} 18. hxg6 {[%emt 0:01:43]} hxg6 {[%emt 0:00:01]} 19. Bc2 {[%emt 0:19:43]} O-O-O {[%emt 0:07:58]} 20. Ne4 {[%emt 0:01:22]} Be7 {[%emt 0:15:18]} 21. Rh7 {[%emt 0:01:04]} Nxf4 {[%emt 0:11:49]} 22. Bxf4 {[%emt 0:05:53]} Rdf8 {[%emt 0:06:23]} 23. Bg5 {[%emt 0:03:46]} Rh8 {[%emt 0:01:19]} 24. Rxh8 {[%emt 0:06:29]} Rxh8 {[%emt 0:00:02]} 25. Ke2 {[%emt 0:00:09]} Bxg5 {[%emt 0:01:53]} 26. Qxg5 {[%emt 0:01:27]} Qxd4 {[%emt 0:01:57]} 27. Qf6 {[%emt 0:00:08]} Rf8 {[%emt 0:00:47]} 28. Qe7 {[%emt 0:00:50]} Nd7 {[%emt 0:00:58]} 29. Rd1 {[%emt 0:00:22]} Qxb2 {[%emt 0:00:28]} 30. Qxd7+ {[%emt 0:01:01]} Kb8 {[%emt 0:00:01]} 31. Qd6+ {[%emt 0:01:03]} Kb7 {[%emt 0:00:01]} 32. Nc5+ {[%emt 0:00:06]} Kb6 {[%emt 0:00:10]} 33. Qxf8 {[%emt 0:00:19]} Qxc2+ {[%emt 0:00:27]} 34. Rd2 {[%emt 0:00:04]} Qc3 {[%emt 0:00:08]} 35. Qb8+ {[%emt 0:00:05]} 1-0

[Event "1st Gujarat GM Open 2018"]
[Site "Ahmedabad"]
[Date "2018.10.07"]
[Round "4"]
[White "Rakesh Kumar Jena"]
[Black "Harshini A"]
[Result "1-0"]
[WhiteElo "2388"]
[BlackElo "2126"]
[Annotator "NA"]
[PlyCount "78"]
[EventDate "2018.10.05"]
[EventType "swiss"]
[EventCountry "IND"]
[SourceTitle "playchess.com"]
[Source "ChessBase"]
[SourceQuality "1"]
[TimeControl "5400+30"]

1. Nf3 {[%emt 0:00:00]} Nf6 {[%emt 0:00:00]} 2. d4 {[%emt 0:00:00]} g6 {[%emt 0:00:00]} 3. Bg5 {[%emt 0:00:00]} Ne4 {[%emt 0:00:42]} 4. Bf4 {[%emt 0:00:04]} Bg7 {[%emt 0:00:40]} 5. Nbd2 {[%emt 0:00:07]} d5 {[%emt 0:05:49]} 6. e3 {[%emt 0:00:16]} Nxd2 {[%emt 0:00:30]} 7. Qxd2 {[%emt 0:00:30]} c6 {[%emt 0:00:22]} 8. Bd3 {[%emt 0:00:08]} Nd7 {[%emt 0:00:44]} 9. c3 {[%emt 0:00:23]} Nf6 {[%emt 0:00:30]} 10. Qe2 {[%emt 0:01:47]} Bg4 {[%emt 0:04:03]} 11. h3 {[%emt 0:00:25]} Bxf3 {[%emt 0:00:45]} 12. Qxf3 {[%emt 0:00:02]} Qb6 {[%emt 0:03:03]} 13. Rb1 {[%emt 0:00:43]} Rc8 {[%emt 0:13:48]} 14. Be5 {[%emt 0:08:12]} Qa5 {[%emt 0:11:40]} 15. a3 {[%emt 0:02:47]} Nh5 {[%emt 0:02:30]} 16. Bh2 {[%emt 0:05:53]} Nf6 {[%emt 0:03:12]} 17. O-O {[%emt 0:03:02]} O-O {[%emt 0:00:52]} 18. Be5 {[%emt 0:11:11]} Nd7 {[%emt 0:01:02]} 19. Bxg7 {[%emt 0:01:21]} Kxg7 {[%emt 0:00:07]} 20. Qg3 {[%emt 0:00:03]} Qc7 {[%emt 0:09:15]} 21. f4 {[%emt 0:00:37]} c5 {[%emt 0:01:46]} 22. Qf3 {[%emt 0:01:41]} Nf6 {[%emt 0:00:45]} 23. g4 {[%emt 0:01:17]} e6 $11 {[%emt 0:01:55]} 24. Kh1 {[%emt 0:09:34]} h5 {[%emt 0:04:36]} 25. Kg2 {[%emt 0:11:34]} Rh8 {[%emt 0:01:02]} 26. Rh1 {[%emt 0:01:30]} cxd4 {[%emt 0:10:38]} 27. exd4 {[%emt 0:01:05]} Qb6 {[%emt 0:03:48]} 28. g5 {[%emt 0:05:21]} Ne8 {[%emt 0:01:35]} 29. Qe3 {[%emt 0:00:31]} Nd6 {[%emt 0:01:42]} 30. Rhe1 {[%emt 0:01:24]} Rhe8 {[%emt 0:01:25]} 31. Re2 {[%emt 0:03:44]} Qc7 {[%emt 0:08:28]} 32. Rf1 {[%emt 0:03:00]} Qd7 {[%emt 0:01:16]} 33. Qe5+ {[%emt 0:00:59]} Kg8 {[%emt 0:00:16]} 34. Rfe1 {[%emt 0:00:13]} Qd8 {[%emt 0:01:54]} 35. Kh2 {[%emt 0:05:45]} Qc7 {[%emt 0:02:46]} 36. Qf6 {[%emt 0:04:39]} Nf5 {[%emt 0:01:13]} 37. Re5 {[%emt 0:00:30]} Qd7 {[%emt 0:02:37]} 38. Bxf5 {[%emt 0:00:17]} exf5 {[%emt 0:00:13]} 39. Re7 {[%emt 0:00:06]} Qd8 1-0

[Event "1st Gujarat GM Open 2018"]
[Site "Ahmedabad"]
[Date "2018.10.07"]
[Round "4"]
[White "Sai Agni Jeevitesh, J."]
[Black "Mahindrakar Indrajeet"]
[Result "1/2-1/2"]
[WhiteElo "2362"]
[BlackElo "2107"]
[Annotator "NA"]
[PlyCount "159"]
[EventDate "2018.10.05"]
[EventType "swiss"]
[EventCountry "IND"]
[SourceTitle "playchess.com"]
[Source "ChessBase"]
[SourceQuality "1"]
[TimeControl "5400+30"]

1. d4 {[%emt 0:00:00]} Nf6 {[%emt 0:00:00]} 2. c4 {[%emt 0:00:00]} Nc6 {[%emt 0:00:29]} 3. Nc3 {[%emt 0:03:52]} e5 {[%emt 0:00:26]} 4. d5 {[%emt 0:00:01]} Ne7 {[%emt 0:00:57]} 5. h4 {[%emt 0:00:30]} h5 {[%emt 0:00:30]} 6. Nf3 {[%emt 0:00:30]} Ng6 {[%emt 0:00:30]} 7. Bg5 {[%emt 0:02:59]} Be7 {[%emt 0:02:35]} 8. e3 {[%emt 0:00:06]} O-O {[%emt 0:01:24]} 9. Bd3 {[%emt 0:02:45]} d6 {[%emt 0:00:49]} 10. Qc2 {[%emt 0:00:26]} Qe8 {[%emt 0:31:44]} 11. Nb5 {[%emt 0:10:35]} Bd8 {[%emt 0:04:23]} 12. Bxf6 {[%emt 0:05:04]} gxf6 {[%emt 0:00:40]} 13. Bf5 {[%emt 0:00:13]} Bd7 {[%emt 0:03:44]} 14. Rg1 {[%emt 0:07:02]} Kg7 {[%emt 0:11:05]} 15. g4 {[%emt 0:09:21]} Rh8 {[%emt 0:00:50]} 16. O-O-O {[%emt 0:02:35]} hxg4 {[%emt 0:05:55]} 17. Rxg4 {[%emt 0:01:43]} Rh5 {[%emt 0:03:59]} 18. e4 {[%emt 0:00:01]} Bxf5 {[%emt 0:07:03]} 19. exf5 {[%emt 0:00:03]} Qd7 {[%emt 0:00:07]} 20. Rdg1 {[%emt 0:05:49]} Qxf5 {[%emt 0:00:40]} 21. Qe2 {[%emt 0:00:01]} Rh7 {[%emt 0:03:43]} 22. Nc3 {[%emt 0:08:04]} Qh5 {[%emt 0:01:08]} 23. Nd1 {[%emt 0:04:21]} f5 {[%emt 0:03:58]} 24. Rg5 {[%emt 0:05:00]} Bxg5+ {[%emt 0:00:36]} 25. Rxg5 {[%emt 0:00:02]} Qh6 {[%emt 0:00:32]} 26. Ne3 {[%emt 0:00:31]} Kh8 {[%emt 0:00:45]} 27. Nxf5 {[%emt 0:00:51]} Nf4 {[%emt 0:01:16]} 28. Qe4 {[%emt 0:00:23]} Qf6 {[%emt 0:00:30]} 29. Kd2 {[%emt 0:02:33]} Rg8 {[%emt 0:03:47]} 30. Rxg8+ {[%emt 0:03:39]} Kxg8 {[%emt 0:00:01]} 31. Ng5 {[%emt 0:01:38]} Rxh4 {[%emt 0:02:56]} 32. Nxh4 {[%emt 0:05:53]} Qxg5 {[%emt 0:00:03]} 33. Nf3 {[%emt 0:01:01]} Qg2 {[%emt 0:00:12]} 34. Qe3 {[%emt 0:00:16]} Qf1 {[%emt 0:00:27]} 35. Kc3 {[%emt 0:00:10]} Qb1 {[%emt 0:01:50]} 36. a4 {[%emt 0:00:53]} Qd1 {[%emt 0:00:47]} 37. a5 {[%emt 0:02:14]} a6 {[%emt 0:03:52]} 38. Nd2 {[%emt 0:01:37]} Qc1+ {[%emt 0:00:35]} 39. Kb3 {[%emt 0:00:13]} Kf8 {[%emt 0:00:46]} 40. Nf3 {[%emt 0:02:42]} Qa1 {[%emt 0:00:40]} 41. Qd2 {[%emt 0:01:01]} Qb1 {[%emt 0:02:02]} 42. Ne1 {[%emt 0:00:59]} Ke7 {[%emt 0:00:45]} 43. Ng2 {[%emt 0:02:56]} Nxg2 {[%emt 0:00:54]} 44. Qg5+ {[%emt 0:00:01]} Kf8 {[%emt 0:00:12]} 45. Qxg2 {[%emt 0:00:25]} Qd1+ {[%emt 0:00:40]} 46. Kb4 {[%emt 0:00:26]} Qd2+ {[%emt 0:00:08]} 47. Kb3 {[%emt 0:00:01]} Qxa5 {[%emt 0:00:50]} 48. Qg5 {[%emt 0:00:01]} c5 {[%emt 0:00:59]} 49. dxc6 {[%emt 0:00:37]} Qb6+ {[%emt 0:00:40]} 50. Ka2 {[%emt 0:00:11]} bxc6 {[%emt 0:00:12]} 51. Qh6+ {[%emt 0:00:14]} Ke7 {[%emt 0:00:34]} 52. Qg5+ {[%emt 0:00:02]} Ke8 {[%emt 0:00:42]} 53. Qg8+ {[%emt 0:00:02]} Ke7 {[%emt 0:00:04]} 54. Qg5+ {[%emt 0:00:03]} Kd7 {[%emt 0:00:54]} 55. Qf6 {[%emt 0:01:00]} Qa5+ {[%emt 0:00:08]} 56. Kb3 {[%emt 0:00:06]} Qb6+ {[%emt 0:00:02]} 57. Ka2 {[%emt 0:00:06]} Qc7 {[%emt 0:01:26]} 58. Qxf7+ {[%emt 0:00:37]} Kc8 {[%emt 0:00:01]} 59. Qe8+ {[%emt 0:00:57]} Kb7 {[%emt 0:00:04]} 60. b4 {[%emt 0:02:01]} Ka7 {[%emt 0:01:20]} 61. Kb3 {[%emt 0:00:31]} Kb7 {[%emt 0:00:42]} 62. Qe6 {[%emt 0:00:19]} Qd8 {[%emt 0:00:28]} 63. Qf7+ {[%emt 0:00:41]} Kb6 {[%emt 0:00:29]} 64. Qe6 {[%emt 0:00:38]} Qf8 {[%emt 0:00:28]} 65. Qd7 {[%emt 0:01:10]} Qf3+ {[%emt 0:00:16]} 66. Ka4 {[%emt 0:00:07]} Qd1+ {[%emt 0:00:14]} 67. Ka3 {[%emt 0:00:01]} Qd3+ {[%emt 0:00:41]} 68. Ka4 {[%emt 0:00:25]} Qc2+ {[%emt 0:00:29]} 69. Ka3 {[%emt 0:00:02]} Qc1+ {[%emt 0:00:38]} 70. Kb3 {[%emt 0:00:19]} Qb1+ {[%emt 0:00:18]} 71. Kc3 {[%emt 0:00:41]} Qe1+ {[%emt 0:00:34]} 72. Kb3 {[%emt 0:00:05]} Qd1+ {[%emt 0:00:41]} 73. Ka3 {[%emt 0:00:01]} Qd3+ {[%emt 0:00:07]} 74. Ka4 {[%emt 0:00:10]} Qc2+ {[%emt 0:00:58]} 75. Ka3 {[%emt 0:00:01]} Qc3+ {[%emt 0:00:22]} 76. Ka4 {[%emt 0:00:06]} Qa1+ {[%emt 0:00:39]} 77. Kb3 {[%emt 0:00:12]} Qb1+ {[%emt 0:00:23]} 78. Ka3 {[%emt 0:00:10]} Qd3+ {[%emt 0:00:34]} 79. Ka4 {[%emt 0:00:07]} Qd1+ {[%emt 0:00:34]} 80. Ka3 {[%emt 0:00:02]} 1/2-1/2